Les races de Chats - Mort Subite - Statistiques

Statistiques générales
  • Ce quiz a été pris 158 fois
  • Le résultat moyen est 7 sur 18
Answers on the Grid
Answers color-coded by a green-red scale on the quiz's grid according to % correct below.
American Shorthair
Anatoli
Cymric
Colley
Ojos Azules
Goldador
Persan
Tête de Lion
Scottish Fold
Jug
Thaï
Toyger
Mudi
Perl Feh
Siamois
Korat
Feu Noir
Puggle
Chartreux
Burmese
Savannah
Altaï
Singapura
Sphynx
Doré de Saxe
Bombay
Burmilla
Bengal
 
Statistiques - réponses
Réponse % Correct
Persan
83%
Sphynx
79%
Siamois
76%
Bengal
72%
Chartreux
62%
American Shorthair
60%
Savannah
58%
Scottish Fold
44%
Bombay
33%
Burmese
23%
Thaï
23%
Anatoli
20%
Singapura
15%
Cymric
10%
Korat
10%
Burmilla
9%
Toyger
7%
Ojos Azules
6%
Aucun quiz correspondant
Distribution des résultats
% des personnes avec chaque résultat
Percentile par nombre de réponses
Votre historique - résultats
Vous n’avez pas pris ce quiz